00000000nem##2200000za#4500
0019.550248
003CaOODSP
00520200327001347
007aj |a|||
008150406|2010||||xxc||||   a##f  |   eng|d
020 |a978-0-660-65048-7
022 |a1915-884X
040 |aCaOODSP|beng
041 |aeng
041 |afre
043 |an-cn---
0861 |aM116-2/025I09
1101 |aCanada.|bNatural Resources Canada. |bCentre for Topographic Information.
24510|aHudson Island, Nunavut |h[cartographic material]
250 |aEd. 01, version 00
255 |aScale 1:50,000
260 |aOttawa - Ontario : |bNatural Resources Canada. |c2010.
300 |a1 sheet. : |bcoloured map ; |c69 cm.
4901 |aCanadian topographic maps |x1915-884X|v25-I/9
500 |aSeries A713. Includes a legend.
590 |a10-22|b2010-06-04
7760#|tHudson Island, Nunavut |w(CaOODSP)9.584672
792 |tHudson Island, Nunavut |efre|w(CaOODSP)9.550249
830#0|aCanadian topographic maps,|x1915-884X|v25-I/9|w(CaOODSP)9.511450